Kili and the Singing Tree Snails/ (Record no. 6514)
[ view plain ]
| 000 -LEADER | |
|---|---|
| fixed length control field | 00612nam a2200193Ia 4500 |
| 001 - CONTROL NUMBER | |
| control field | 6514 |
| 008 - FIXED-LENGTH DATA ELEMENTS--GENERAL INFORMATION | |
| fixed length control field | 260427s9999 xx 000 0 und d |
| 020 ## - INTERNATIONAL STANDARD BOOK NUMBER | |
| International Standard Book Number | 9781581781045 |
| 245 #0 - TITLE STATEMENT | |
| Title | Kili and the Singing Tree Snails/ |
| Statement of responsibility, etc. | Author: Janice Crowl. Illustrator: Harinani Orme |
| 260 ## - PUBLICATION, DISTRIBUTION, ETC. | |
| Place of publication, distribution, etc. | Honolulu; |
| Name of publisher, distributor, etc. | Kamahoi Press- Bishop Museum Press; |
| Date of publication, distribution, etc. | 2011 |
| 300 ## - PHYSICAL DESCRIPTION | |
| Extent | 32p; |
| Dimensions | 26x24cm |
| 546 ## - LANGUAGE NOTE | |
| Language note | Hawaiian; English |
| 650 ## - SUBJECT ADDED ENTRY--TOPICAL TERM | |
| Topical term or geographic name entry element | Folk literature |
| 9 (RLIN) | 9333 |
| 650 ## - SUBJECT ADDED ENTRY--TOPICAL TERM | |
| Topical term or geographic name entry element | Indigenous societies |
| 9 (RLIN) | 9260 |
| 650 ## - SUBJECT ADDED ENTRY--TOPICAL TERM | |
| Topical term or geographic name entry element | PN1-6790 Literature (General) |
| 9 (RLIN) | 21 |
| 651 ## - SUBJECT ADDED ENTRY--GEOGRAPHIC NAME | |
| Geographic name | Hawaii |
| 9 (RLIN) | 2928 |
| 655 ## - INDEX TERM--GENRE/FORM | |
| Genre/form data or focus term | Illustrated volume |
| 9 (RLIN) | 9334 |
| 942 ## - ADDED ENTRY ELEMENTS (KOHA) | |
| Koha item type | Book |
| Withdrawn status | Lost status | Damaged status | Not for loan | Collection | Home library | Current library | Shelving location | Date acquired | Source of acquisition | Total Checkouts | Full call number | Barcode | Date last seen | Price effective from | Koha item type |
|---|---|---|---|---|---|---|---|---|---|---|---|---|---|---|---|
| Language and Literature | SAF Reference Library | SAF Reference Library | 04/27/2026 | SB15 reading room- Meleanna Meyer | PN1-6790 80.29 | 6514 | 04/27/2026 | 04/27/2026 | Book |